000 00917nam a22002537a 4500
999 _c11648
_d11648
003 AR-CdUCM
008 190404b ||||| |||| 00| 0 spa d
040 _aMUNICIPALIDAD PROVINCIAL DEL CUSCO
_cBIBLIOTECA MUNICIPAL DEL CUSCO
082 _a868.32 / 1948 /
_bSA194
100 _aSanchez, Luis Alberto
_91008
245 _a4º centenario de Cervantes /
260 _aLima :
_bEditorial Lumen,
_c1948.
300 _a160 páginas ;
_bFotografías,
_c20 cm.
505 _aContenido: Cervantes, síntesis de la cultura española -- Primor y esencia de Persiles -- Preludio cervantino.
650 _aUniversidad San Marcos
_929111
650 _aMiguel de cervantes
_912044
650 _aQuijote
_95500
700 _aJimenez Borja, José
_917165
700 _aTamayo Vargas, Augusto
_91952
700 _aBeltroy, Manuel
_929112
700 _aGabriel, José
_918201
942 _2ddc
_cLIBROS
945 _adavv
_d04/04/2019